El espionaje británico y Franco : desde Hendaya hasta Torch /

Detalles Bibliográficos
Autor principal: Horrillo Sánchez, Luis (Autor)
Formato: Electrónico eBook
Lenguaje:español
Publicado: Zaragoza, España : Prensas de la Universidad de Zaragoza, 2024.
Edición:1a edición.
Colección:Ciencias sociales (Zaragoza, Spain) ; 181.
Materias:
Acceso en línea:Digitalia Hispánica

MARC

LEADER 00000nam a2200000 i 4500
001 DIGPUZ0001
003 NyNyDIG
007 cr |||||||||||
008 240807s2024 sp ob 001 0 spa d
006 m o d
035 |a (OCoLC)1446464577 
040 |a DGITA  |b eng  |e rda  |e pn  |c DGITA 
020 |a 9788413407357  |q eBook 
020 |z 9788413407340 
043 |a e-sp---  |a e-uk--- 
050 1 4 |a D810.S7 ebook 
100 1 |a Horrillo Sánchez, Luis,  |e author. 
245 1 3 |a El espionaje británico y Franco :  |b desde Hendaya hasta Torch /  |c Luis Horrillo Sánchez. 
250 |a 1a edición. 
264 1 |a Zaragoza, España :  |b Prensas de la Universidad de Zaragoza,  |c 2024. 
300 |a 1 online resource. 
336 |a text  |b txt  |2 rdacontent 
337 |a computer  |b c  |2 rdamedia 
338 |a online resource  |b cr  |2 rdacarrier 
347 |a text file  |2 rdaft 
347 |b PDF 
490 1 |a Colección Ciencias sociales ;  |v no. 181 
504 |a Includes bibliographical references and indexes. 
588 0 |a Online resource; title from PDF title page (Digitalia, viewed August 7, 2024) 
650 0 |a World War, 1939-1945  |x Secret service  |z Spain. 
650 0 |a World War, 1939-1945  |x Secret service  |z Great Britain. 
650 0 |a Operation Torch, 1942. 
650 0 |a Spies  |z Spain  |x History  |y 20th century. 
791 2 |a Digitalia (Firm),  |e distributor. 
793 0 |g Digitalia eBook Collection:  |a Prensas Universitarias de Zaragoza 
776 0 8 |i Print version:  |a Horrillo Sánchez, Luis.  |t Espionaje británico y Franco.  |b 1a edición.  |d Zaragoza, España : Prensas de la Universidad de Zaragoza, [2024]  |z 9788413407340 
830 0 |a Ciencias sociales (Zaragoza, Spain) ;  |v 181. 
856 4 0 |3 Digitalia Hispánica  |u https://www.digitaliapublishing.com/a/158165/ 
910 |a Premium collection: 2024